| 000 | 00379nam a2200145Ia 4500 | ||
|---|---|---|---|
| 005 | 20260402163116.0 | ||
| 022 | _a1542-166X | ||
| 050 | _aRS380 .B56 | ||
| 245 | _aBiopharm International | ||
| 250 | _aVol. 37, No. 9 | ||
| 260 |
_aUSA _bAdvanstar Communications, Duluth, MN _c2024 |
||
| 300 | _a1537 p. :ill. ; 29 cm. | ||
| 650 | _aEndodontics--Periodicals | ||
| 942 |
_cSR _2lcc |
||
| 999 |
_c37263 _d37263 |
||